Deprivation gauge targets crime (Record no. 71692)

MARC details
000 -LEADER
fixed length control field 01015cam a2200205 4500
001 - CONTROL NUMBER
control field WB3845-24
008 - FIXED-LENGTH DATA ELEMENTS--GENERAL INFORMATION
fixed length control field 021203n2002 000 0 eng u
035 ## - SYSTEM CONTROL NUMBER
System control number (Sirsi) u120643
245 ## - TITLE STATEMENT
Title Deprivation gauge targets crime
260 ## - PUBLICATION, DISTRIBUTION, ETC.
Date of publication, distribution, etc. 2002
490 ## - SERIES STATEMENT
Series statement Regeneration and Renewal
Volume/sequential designation 29 November 2002, 1(1)
520 ## - SUMMARY, ETC.
Summary, etc. A consultation report on revisions to the "Indices of deprivation 2000" includes proposals to integrate problems caused by crime and a poor physical environment into the indices. The indices play a key role in the allocation of government regeneration funding. The initial consultation deadline is 15 January 2003 and the revised indices should be in place by September 2003. "Updating the English Indices of deprivation 2000: stage 1 consultation report" available from http://www.neighbourhood.gov.uk/indices.asp
590 ## - LOCAL NOTE (RLIN)
Local note WB
650 ## - SUBJECT ADDED ENTRY--TOPICAL TERM
Topical term or geographic name entry element DEPRIVATION
650 ## - SUBJECT ADDED ENTRY--TOPICAL TERM
Topical term or geographic name entry element DEPRIVED AREAS
650 ## - SUBJECT ADDED ENTRY--TOPICAL TERM
Topical term or geographic name entry element NEIGHBOURHOOD RENEWAL
650 ## - SUBJECT ADDED ENTRY--TOPICAL TERM
Topical term or geographic name entry element CRIME
690 ## - LOCAL SUBJECT ADDED ENTRY--TOPICAL TERM (OCLC, RLIN)
Topical term or geographic name as entry element REGENERATION
942 ## - ADDED ENTRY ELEMENTS (KOHA)
Suppress in OPAC 0
Holdings
Withdrawn status Lost status Source of classification or shelving scheme Damaged status Not for loan Home library Current library Shelving location Date acquired Total Checkouts Full call number Barcode Date last seen Copy number Price effective from Koha item type
    Dewey Decimal Classification     London London News article 03/12/2002   WB3845-24 120643-1001 06/08/2019 1 06/08/2019 News article